000 00439nam a22001457a 4500
005 20260309103231.0
008 260309b |||||||| |||| 00| 0 eng d
020 _a0-13-155045-4
100 _aHOLUB, ALLEN I.
245 _aCOMPILER DESIGN IN C
260 _aENGLEWOOD CLIFFS, NEW JERSEY
_bPRENTICE HALL
_c1990
300 _aXVIII, 924P.
650 _a1. COMPILERS (COMPUTER PROGRAMS) 2. C (COMPUTER PROGRAM LANGUAGE)
942 _2lcc
_cBK
999 _c216811
_d216811